| 000 | 00684cam a22002414a 4500 | ||
|---|---|---|---|
| 005 | 20250605164333.0 | ||
| 008 | 250528s ||||||||||||||||||||||||d | ||
| 035 | _a23301 | ||
| 020 | _a978526471864 | ||
| 040 |
_aGR-AtMCL _bgre _dGR-AtMCL _eAACR2 |
||
| 245 | 1 | _aTEACHING AND SUPPORTING CHILDREN WITH SPECIAL EDUXATIONAL NEEDS AND DISABILITIES INPRIMARY SCHOOLS | |
| 250 | _a3rd | ||
| 260 |
_bSage Publications, _c2019 |
||
| 300 | _a242 | ||
| 700 | 1 |
_aGlazzard Johnathan _98882 |
|
| 700 | 1 |
_aHughes Alison _94870 |
|
| 700 | 1 |
_aNetherwood Annette _98883 |
|
| 700 | 1 |
_aNeve Lesley _98884 |
|
| 700 | 1 |
_aStokoe Jane _98885 |
|
| 942 | _cBK | ||
| 999 |
_c8328 _d8328 |
||